000 00233nam a2200097Ia 4500
005 20251222114415.0
008 251222s1900||||xx |||||||||||||| ||spa||
082 _aDVD0070/K29U/1951
245 0 _aUn tranvĂ­a llamado deseo :
942 _cDVD
999 _c2209
_d2209